| 000 | 00409pab a2200157 454500 | ||
|---|---|---|---|
| 008 | 180718b2008 xxu||||| |||| 00| 0 eng d | ||
| 100 | _aKaur, Ravinder | ||
| 245 | _aNarrative absence: an 'untouchable' account of partition migration | ||
| 260 | _c2008 | ||
| 300 | _ap.281-306. | ||
| 362 | _aMay-Aug | ||
| 650 | _aMigration | ||
| 773 | _aContributions to Indian Sociology | ||
| 908 | _aN | ||
| 909 | _a80897 | ||
| 999 |
_c80897 _d80897 |
||